Tutti gli Stati che hanno controllato Baghdad - Statistics

Statistiche generali
  • Questo quiz è stato fatto 13 volte
  • Il punteggio medio è 8 su 20
Statistiche sulle risposte
con Immagini Hint Risposta % Corretto
2004 - Oggi Seconda Repubblica d'Iraq
100%
1917 - 1932 Impero Britannico (Mandato dell'Iraq)
90%
1638 - 1917 Impero Ottomano
80%
1258 - 1259 Impero Mongolo
70%
1534 - 1624 Impero Ottomano
70%
762 - 946 Califfato Abbàside
50%
2003 - 2004 Coalizione multinazionale in Iraq (USA, UK)
50%
1508 - 1534 Impero Safavide
50%
1624 - 1638 Impero Safavide
50%
1958 - 2003 Prima Repubblica d'Iraq
40%
1932 - 1958 Regno dell'Iraq
40%
1180 - 1258 Califfato Abbàside
30%
1055 - 1180 Impero Selgiuchide
30%
1393 - 1411 Impero Timuride
20%
964 - 1055 Emirato Buyide
10%
1469 - 1508 Federazione Ak Koyunlu
10%
1958 Federazione Araba Hashemita
10%
1411 - 1469 Federazione di Kara Koyunlu
10%
1259 - 1335 Ilkhanato
10%
1335 - 1393 Sultanato Jalayride
10%
Nessun quiz corrispondente trovato
Distribuzione punteggi
Percentuale di utenti per punteggio
Percentile per numero di risposta
I tuoi punteggi nel tempo
Non hai fatto questo quiz